000 01177nam a2200289Ia 4500
999 _c5345
_d5345
003 OSt
005 20200608171330.0
008 191128s1964 sp ad fr 001 0 spa d
040 _aCO-JMCR
_cCO-JMCR
041 1 _aspa
_hfr
082 0 4 _a330.0151 /
_bL276t
_223
100 1 _aLesourne, J.,
_eautor
_95203
245 1 0 _aTécnica económica y gestión industrial /
_cJ. Lesourne ; traducción del francés Francisco Hortelano ; prólogo M. Allais
260 _aMadrid :
_bAguilar,
_c1964
300 _axlvii, 630 páginas :
_bgráficos a blanco y negro ;
_c21 cm.
490 0 _aBiblioteca de economía, administración y problemas de la empresa
500 _aIncluye índice alfabético de autores y de materias.
505 0 _aLa econometría al servicio de la empresa -- La estructura de los costes -- Los problemas de sintesis
534 _pTechnique economique et gestion industrielle
546 _aTraducido del francés
650 1 4 _aEconometría
_95204
650 1 4 _aCostos de producción
_95205
650 1 4 _aIngeniería económica
_95206
700 1 _aHortelano, Francisco,
_etraductor
_95207
700 1 _aAllais, M.,
_eprologuista
_95208
942 _2ddc
_cBK